000 00898nam a2200277Ia 4500
003 OSt
005 20220928115744.0
006 a|||||r|||| 00| 0
007 ta
008 220927b |||||||| |||| 00| 0 eng d
020 _cEURO 84.99
024 _a136532
037 _b150, 22/11/2017, Classic Book Service
_cTextual
040 _aSDCL
_cSDCL
_beng
041 _2eng
_aeng
082 _aX65:(B), Q6
100 _aHens Thorsten
245 0 _aFinancial economics
_b A concise introduction to classical and behavioral finance
260 _aVerlag
_bSpringer
_c2016
300 _axi,363p.
_ccm.
490 _aSpringer texts in business and economics
650 _aFinancial Studies
700 _a Rieger Marc Olivier
_9445946
942 _hX65:(B), Q6
_cTEXL
_2CC
999 _c760804
_d760804